000 01481cam a22002535a 4500
001 L139967
002 16837
008 070823s2008 xxk f 000 0 eng d
020 _a9780728205222
035 _a(Sirsi) u139967
041 0 _aeng
050 0 4 _a333.332 $2 18
100 1 _aHarper, David
245 0 0 _aValuation of Hotels
260 _aLondon
_bEG Books
_c2008
300 _aix, 197p.
_c25cm.
350 _a39.99
505 2 _aThings to consider when buying a hotel and how to avoid potential pitfalls -- Understanding the trading potential of the hotel -- Other enquiries required to assess the value of the hotel -- Fundamental principles behind the hotel investment market -- The purpose of the valuation and statutory guidance -- Methodology for capital valuations -- Yield selection and valuation multipliers -- The treatment of capital expenditure -- Methodology for assessing market rent -- Methodology for calculating rateable values in the UK -- Site values and how they are determined -- Valuation with special assumptions for secured lending purposes -- IFRS 15 apportionments -- Concluding summary
520 _aDiscusses issues to do with property within the hotel sector, including how to assess the value and trading potential of a hotel property, and the hotel investment market.
590 _aKA
651 4 _aUnited Kingdom
_y
690 _aPROPERTY-COMMERCIAL PROPERTY-LEISURE PROPERTY-HOLIDAY AND GUEST PROPERTY-HOTEL PROPERTY
942 _n0
999 _c107389
_d107389